Evaluation of the European monetary union from the perspective of optimum currecy area theory

Guardado en:
Detalles Bibliográficos
Autor principal: Držka, Michal, 1989-
Formato: Capítulo de libro
Lenguaje:inglés
Etiquetas: Agregar Etiqueta
Sin Etiquetas, Sea el primero en etiquetar este registro!

MARC

LEADER 00000naa$a2200000$$$4500
001 0183809
005 20240502083433.1
041 0 |a eng 
044 |a RU 
245 1 0 |a Evaluation of the European monetary union from the perspective of optimum currecy area theory  |c Michal Držka 
100 1 |a Držka, Michal, 1989-